| 000 | 00869nam a2200265 a 4500 | ||
|---|---|---|---|
| 001 | 66167 | ||
| 003 | BD-RjUL | ||
| 005 | 20211209081516.0 | ||
| 008 | 170314s1986 enka b 001 0 eng d | ||
| 020 | _a0125976402 (alk. paper) | ||
| 035 | _a(BD-RjUL)66297 | ||
| 040 |
_aBD-RjUL _cBD-RjUL _dBD-RjUL _beng |
||
| 041 | _aeng | ||
| 060 | _aQW 680 I33 | ||
| 082 | 0 | 0 |
_a616.079 _223 _bIMM 1986 |
| 245 | 0 | 0 |
_aImmunobiology of the complement system : _ban introduction for research and clinical medicine / _cedited by Gordon D. Ross. |
| 260 |
_aOrlando : _bAcademic Press, _cc1986. |
||
| 300 |
_axi, 273 p. : _bill ; _c24 cm. |
||
| 504 | _aIncludes bibliographies and index. | ||
| 650 | 0 |
_aComplement (Immunology) _9195789 |
|
| 650 | 2 |
_aComplement _ximmunology. _9195790 |
|
| 650 | 2 |
_aComplement Activation. _9195791 |
|
| 700 | 1 |
_aRoss, Gordon D. _9195792 |
|
| 942 |
_2ddc _cBK |
||
| 999 |
_c66167 _d66167 |
||